|
|
|
|
| LEADER |
01001nam a2200253 a 4500 |
| 001 |
14096478 |
| 008 |
121011s2006 nyua c 001 0 eng d |
| 999 |
|
|
|c 12916
|d 12916
|
| 010 |
|
|
|a 2005025497
|
| 020 |
|
|
|a 1568985630
|
| 040 |
|
|
|a DLC
|c DLC
|d DLC
|d BD-DhAAL.
|
| 082 |
0 |
0 |
|a 620.11
|2 22
|
| 245 |
0 |
0 |
|a Transmaterial :
|b a catalog of materials that redefine our physical environment /
|c Blaine E. Brownell.
|
| 260 |
|
|
|a New York :
|b Princeton Architectural Press,
|c c2006.
|
| 300 |
|
|
|a 237 p. :
|b col. ill. ;
|c 23 cm.
|
| 500 |
|
|
|a Includes index.
|
| 526 |
|
|
|a ARC
|
| 541 |
|
|
|e 00026023
|
| 650 |
|
0 |
|a Materials
|x Technological innovations.
|9 32262
|
| 650 |
|
0 |
|a Materials
|v Catalogs.
|9 32263
|
| 700 |
1 |
|
|a Brownell, Blaine Erickson,
|d 1970-
|9 32264
|
| 852 |
4 |
|
|a Ayesha Abed Library
|j General shelf.
|
| 942 |
|
|
|2 ddc
|c BK
|
| 952 |
|
|
|0 0
|1 0
|4 0
|6 620_110000000000000_TRA
|7 0
|9 21317
|a BRACUL
|b BRACUL
|c GEN
|d 2012-10-11
|e Trim Education
|g 2975.00
|l 1
|m 15
|o 620.11 TRA
|p 3010026023
|r 2022-04-04
|s 2020-02-19
|t 1
|w 0000-00-00
|y BK
|x Available
|